000 00507nam a2200205Ia 4500
003 OSt
005 20230701094835.0
008 210423s9999 xx 000 0 und d
040 _cAL
041 _aeng
082 _a305.4 MEEH
_223
100 _aMEERA (M)
_9122093
245 _aAnubhava guchcha
260 _bInstitute of social sciences
_aMumbai
_c2004
365 _b125
_cINR
650 _aSociology
_9122094
650 _aWomen Studies
_9122095
906 _aAnubhava ; guchcha
942 _2ddc
_cBK
999 _c173905
_d173905